A comparative study between natural regeneration and planning techniques of rhizophora apiculata blume in clear felled mangrove areas

Bibliographic Details
Main Author: Abdullah Mohamed
Format: Book
Published: Melaka : Kolej Universiti Sains & Teknologi Malaysia , 2003
Subjects:

MARC

LEADER 00000cam a2200000 7i4500
001 0000003846
005 20110722.0
090 0 0 |a R THE 634.92   |b ABD 2003 
100 0 0 |a Abdullah Mohamed 
245 0 0 |a A comparative study between natural regeneration and planning techniques of rhizophora apiculata blume in clear felled mangrove areas   |c by Abdullah Mohamed 
260 0 0 |a Melaka :   |b Kolej Universiti Sains & Teknologi Malaysia ,   |c 2003 
300 |a xxii, 243 p. :   |b .iil ;   |c 30 cm. 
500 0 0 |a Bibliography : p. 127-131 
500 0 0 |a Thesis: Master of Science, Kolej Universiti Sains & Teknologi Malaysia (2003) 
650 0 0 |a Natural regeneration 
650 0 0 |a Planting techniques 
998 |a JPSM 
999 |a 006482   |b Thesis   |c Reference   |e Default branch